000 03652nab a2200337 i 4500
003 BR-BrBNA
005 20250909114359.0
008 250909b2021 bl.qr|pooa||| 00| 0 eng |
040 _aBR-BrBNA
_beng
072 _aF30
_b1460
100 _aCardoso, Fabiana R
100 _aBrasileiro, Lemerson de O
100 _aRagassi, Carlos Francisco
100 _aCarvalho, Agnaldo DF de
100 _aSilva, Patrícia P da
100 _aVieira, Jairo V
100 _aNascimento, Warley Marcos
245 _aMorpho-agronomic characterization and genetic divergence in lentil genotypes
500 _a Publicação online; 30 ref.; 4 tables; Summaries (En, Pt)
520 _a ABSTRACT: Lentil production has been increasing in Brazil, due to strong national and international demand. Despite the economic importance, few cultivars are available on the Brazilian market. The aim of this study was to evaluate 48 lentil inbred lines and one commercial cultivar (Silvina), based on morpho-agronomic traits and to identify genotypes which can be used in a plant breeding program. Twentyone morpho-agronomic descriptors (nine qualitative and twelve quantitative) were used. The descriptors showed genetic variability among the genotypes. Clustering techniques using characterization data allowed to identify genetically divergent genotypes as well as identify superior genotypes in relation to agronomic traits: FLIP2010-8L and FLIP2010-12L (similarity group I), FLIP2010-99L, FLIP2010-20L and FLIP2010-106L (group II), FLIP90-25L and 6031 (group III), FLIP2007-16L (group IV) and the commercial cultivar Silvina (group V). We concluded that these genotypes have the potential to be used in lentil breeding programs. Keywords: Lens culinaris, genetic resources, genetic variability, productivity
520 _a RESUMO: A produção de lentilha apresenta tendência de crescimento no Brasil devido a uma forte demanda do mercado nacional e internacional por esta hortaliça leguminosa. Apesar da importância econômica, existem poucas cultivares disponíveis no mercado brasileiro. O objetivo deste estudo foi avaliar 48 linhagens de lentilha e uma cultivar comercial (Silvina), com base em características morfoagronômicas, e identificar genótipos que possam ser empregados no melhoramento genético. Foram utilizados 21 descritores morfoagronômicos (nove qualitativos e doze quantitativos) que evidenciaram a existência de variabilidade genética entre os genótipos estudados. A associação das técnicas de agrupamento com os dados de caracterização possibilitou a identificação de genótipos geneticamente divergentes e, ao mesmo tempo, superiores quanto a características agronômicas: FLIP2010-8L e FLIP2010-12L (grupo de similaridade I), FLIP2010-99L, FLIP2010-20L e FLIP2010-106L (grupo II), FLIP90-25L e 6031 (grupo III), FLIP2007-16L (grupo IV) e a cultivar comercial Silvina (grupo V). Esses genótipos apresentam potencial para serem utilizados em programas de melhoramento genético da espécie. Palavras-chave: Lens culinaris, recursos genéticos, variabilidade genética, produtividade
650 _aLENTILHA
650 _aRECURSO GENÉTICO
650 _aVARIAÇÃO GENÉTICA
650 _aMELHORAMENTO GENÉTICO VEGETAL
650 _aPRODUTIVIDADE
773 0 _01047
_9357746
_dBrasília-DF Sociedade de Olericultura do Brasil 1983
_o2025-5711
_tHorticultura Brasileira (Brazil)
_x0102-0536
_gv. 39(2) p. 169-177; (2021)
_wBR2025001906
856 _uhttps://www.scielo.br/j/hb/a/9dDQZ8YbLmwR7Xw94C7tQKH/?format=pdf&lang=en
942 _cANA
999 _c338077
_d338077